000
00323pab a2200121 454500
008
180718b xxu||||| |||| 00| 0 eng d
100
_a
Bhuleshkar Ashok V.
245
_a
Financial sector reform: let market have the say
362
_a
5 Aug 93, p.7
650
_a
Finance -- India
773
_a
Business Standard
909
_a
24866
999
_c
24866
_d
24866